=LDR 00000nam 2200000 4500 =001 INLIS000000000048440 =005 20161102101508.0 =006 =007 =008 =020 ##$$a 978-602-98757-0-6 =035 ##$$0010-111600000000019 =082 ##$$2 22 $a 297.14 =090 ##$$a 297.14 $b Abu f =100 ##$$a Abu Malik Kamal Ibnu As Sayid Salim =245 ##$$a Fiqh sunnah wanita jilid 1 $c Abu Malik Kamal Ibnu As Sayid Salim ; penerjemah Agus Faisal Karim =260 ##$$a Depok $b Madina Adisaputra $c 2013 =300 ##$$a xviii,410 hlm. $c 24 cm. =650 ##$$a Fiqh =700 ##$$a Agus Faisal Karim